| 000 | 00743nam a2200229Ia 4500 | ||
|---|---|---|---|
| 003 | OSt | ||
| 005 | 20220923224456.0 | ||
| 006 | a|||||r|||| 00| 0 | ||
| 007 | ta | ||
| 008 | 220922b |||||||| |||| 00| 0 pan d | ||
| 024 | _a235,152 | ||
| 037 | _cTextual | ||
| 040 |
_aARTS _cARTS _bpan |
||
| 041 |
_2pan _apan |
||
| 082 | _aO1541,3N33,NA, 153M4 | ||
| 100 |
_aFਰਮਾ, ਓ. ਪੀ.; ਨੇਗੀ, ਚੰਦਰ, ੳਗ. _9168011 |
||
| 245 | 0 | _aਨੰਗਾ ਰੁੱਖ | |
| 260 |
_aਦਿੱਲੀ _b ਸਾਹਿਤ ਅਕਾਦੇਮੀ _c1984 |
||
| 300 |
_a68ਪੰ _ccm. |
||
| 942 |
_hO1541,3N33,NA, 153M4 _cTEXL _2CC |
||
| 999 |
_c371696 _d371696 |
||